<?xml version="1.0" encoding="UTF-8"?>
<record
    xmlns:xsi="http://www.w3.org/2001/XMLSchema-instance"
    xsi:schemaLocation="http://www.loc.gov/MARC21/slim http://www.loc.gov/standards/marcxml/schema/MARC21slim.xsd"
    xmlns="http://www.loc.gov/MARC21/slim">

  <leader>04118nam a2200349 a 4500</leader>
  <controlfield tag="001"> </controlfield>
  <controlfield tag="003">DO-SdBNP</controlfield>
  <controlfield tag="005">20220302103448.0</controlfield>
  <controlfield tag="008">090522s2008    dr ah         000 0 spa d</controlfield>
  <datafield tag="020" ind1=" " ind2=" ">
    <subfield code="a">9789945427226</subfield>
  </datafield>
  <datafield tag="040" ind1=" " ind2=" ">
    <subfield code="a">DO-SdBNP</subfield>
    <subfield code="b">spa</subfield>
    <subfield code="c">BPMSU </subfield>
  </datafield>
  <datafield tag="082" ind1=" " ind2=" ">
    <subfield code="a">972.9304</subfield>
    <subfield code="b">C965p 2008</subfield>
    <subfield code="2">22</subfield>
  </datafield>
  <datafield tag="100" ind1="1" ind2=" ">
    <subfield code="a">Cuevas P&#xE9;rez, C&#xE9;sar</subfield>
  </datafield>
  <datafield tag="245" ind1="1" ind2="0">
    <subfield code="a">Presencia francesa en Santo Domingo 1802-1809 /</subfield>
    <subfield code="c">C&#xE9;sar Cuevas P&#xE9;rez, Guillermo D&#xED;az Bid&#xF3; ; pr&#xF3;logo Juan Francisco Santamar&#xED;a de la Cruz.</subfield>
  </datafield>
  <datafield tag="260" ind1=" " ind2=" ">
    <subfield code="a">Santo Domingo :</subfield>
    <subfield code="b">Secretar&#xED;a de Estado de Cultura :</subfield>
    <subfield code="b">Editora Nacional,</subfield>
    <subfield code="c">2008.</subfield>
  </datafield>
  <datafield tag="300" ind1=" " ind2=" ">
    <subfield code="a">547 p. :</subfield>
    <subfield code="b">il. ;</subfield>
    <subfield code="c">24 cm.</subfield>
  </datafield>
  <datafield tag="490" ind1="0" ind2=" ">
    <subfield code="a">Premios nacionales</subfield>
  </datafield>
  <datafield tag="500" ind1=" " ind2=" ">
    <subfield code="a">Incluye referencias biogr&#xE1;f&#xED;cas de los autores en las solapas.</subfield>
  </datafield>
  <datafield tag="504" ind1=" " ind2=" ">
    <subfield code="a">Bibliograf&#xED;a: p. 543-547.</subfield>
  </datafield>
  <datafield tag="505" ind1="0" ind2=" ">
    <subfield code="t">Pr&#xF3;logo /</subfield>
    <subfield code="r">Juan Francisco Santamar&#xED;a de la Cruz --</subfield>
    <subfield code="t">De los autores --</subfield>
    <subfield code="t">Introducci&#xF3;n --</subfield>
    <subfield code="t">A manera de Pre&#xE1;mbulo --</subfield>
    <subfield code="t">Presencia francesa en Santo Domingo (1802- 1809) --</subfield>
    <subfield code="g">Cap&#xED;tulo 1. --</subfield>
    <subfield code="g">Primera parte --</subfield>
    <subfield code="t">Antecedentes hist&#xF3;ricos. Francia, Efectos de la Revoluci&#xF3;n de 1789. Sus ra&#xED;ces originarias --</subfield>
    <subfield code="t">Segunda parte --</subfield>
    <subfield code="t">Antecedentes hist&#xF3;ricos de la isla de Babeque, Boh&#xED;o o Hait&#xED; a la isla de Saint-Domingue --</subfield>
    <subfield code="t">Cap&#xED;tulo 2. --</subfield>
    <subfield code="g">En la parte Occidental de la isla, Makendal-Boukman-Toussaint-Louverture, Ejemplos de combate y dignidad frente a la ignominia esclavista --</subfield>
    <subfield code="g">Cap&#xED;tulo 3. --</subfield>
    <subfield code="t">Tratados de Paz en Europa hunden la isla Espa&#xF1;ola --</subfield>
    <subfield code="t">La parte Este entre 1795 y 1802, papel del Gobernador Espa&#xF1;ol Don Joaqu&#xED;n Garc&#xED;a Moreno, papel de los representantes franceses, entrada de Toussaint-Louverture a la parte espa&#xF1;ola --</subfield>
    <subfield code="g">Cap&#xED;tulo 4. --</subfield>
    <subfield code="t">Primera parte --</subfield>
    <subfield code="t">Preparaci&#xF3;n de la expedici&#xF3;n armada de Saint-Domingue --</subfield>
    <subfield code="g">Segunda parte--</subfield>
    <subfield code="t">Los hombres del ej&#xE9;rcito expedicionario --</subfield>
    <subfield code="t">General de Divisi&#xF3;n V&#xED;ctor Emmanuel Leclerc --</subfield>
    <subfield code="t">Vice-almirante Louis Thomas Villaret de Joyeuse --</subfield>
    <subfield code="t">Teniente General Duque Carlos de Gravina --</subfield>
    <subfield code="t">Vice-almirante Louis Ren&#xE9; Levassor Conde de Latouche Treville Vice-almirante Honor&#xE9; Joseph Ganteaume --</subfield>
  </datafield>
  <datafield tag="505" ind1="0" ind2=" ">
    <subfield code="t">General de divisi&#xF3;n Jean Marie Donatien de Vimeur Visconde de Rochambeau --</subfield>
    <subfield code="t">General de Divisi&#xF3;n Jean Boudet --</subfield>
    <subfield code="t">General de Divisi&#xF3;n Jean Hardy --</subfield>
    <subfield code="t">General de Divisi&#xF3;n Desfourneau --</subfield>
    <subfield code="t">General de Brigada Francois Marie Perich&#xFA; de Kerversau --</subfield>
    <subfield code="t">General de Brigada Achille-Pierre-Henry Dampierre --</subfield>
    <subfield code="g">Tercera parte --</subfield>
    <subfield code="t">N&#xFA;mero de Fuerzas Armadas participantes, embarcaciones que integraban la flota naval --</subfield>
    <subfield code="g">Cap&#xED;tulo 5 --</subfield>
    <subfield code="g">primera parte --</subfield>
    <subfield code="t">Trabajo realizado por el General de Brigada Francois-Marie Perich&#xFA; de Kerversau en la parte Este de la isla entre 1802 y 1803 --</subfield>
    <subfield code="g">Segunda parte --</subfield>
    <subfield code="t">Comandante Miquel Feriet, sus memorias de defensas y plan econ&#xF3;mico --</subfield>
    <subfield code="g">Cap&#xED;tulo 6 --</subfield>
    <subfield code="g">Primera parte --</subfield>
    <subfield code="t">Las Fuerzas expedicionarias en campa&#xF1;a --</subfield>
    <subfield code="g">Segunda parte --</subfield>
    <subfield code="t">Los oficiales negros y mulatos se acogen al acuerdo verbal de los generales Toussaint-Louverture y Leclerc --</subfield>
    <subfield code="g">Tercera parte --</subfield>
    <subfield code="t">Toussaint-Louverture y el primero de su color --</subfield>
    <subfield code="g">Cap&#xED;tulo 7 --</subfield>
    <subfield code="t">Guerra de Independencia en Saint-Domingue --</subfield>
    <subfield code="g">Cap&#xED;tulo 8 --</subfield>
    <subfield code="t">General Jean-Louis Ferrand, capit&#xE1;n general. Su gobierno --</subfield>
    <subfield code="g">Cap&#xED;tulo 9 --</subfield>
    <subfield code="t">Cerco de Santo Domingo. Gobierno del General Joseph-David Barquier --</subfield>
    <subfield code="g">Cap&#xED;tulo 10 --</subfield>
    <subfield code="g">Primera parte --</subfield>
    <subfield code="t">La iglesia Cat&#xF3;lica durante el per&#xED;odo de la presencia francesa en Santo Domingo --</subfield>
    <subfield code="t">Consideraciones --</subfield>
    <subfield code="t">Anexos --</subfield>
    <subfield code="g">Primera parte --</subfield>
    <subfield code="t">Piezas justificativas en Espa&#xF1;ol y Franc&#xE9;s --</subfield>
    <subfield code="g">Segunda parte --</subfield>
    <subfield code="t">Piezas justificativas en Franc&#xE9;s y Espa&#xF1;ol --</subfield>
    <subfield code="g">Tercera parte --</subfield>
    <subfield code="t">Piezas justificativas en Espa&#xF1;ol --</subfield>
    <subfield code="t">Cuarta parte --</subfield>
    <subfield code="t">Piezas de apoyos de fuentes secundarias --</subfield>
    <subfield code="t">A manera de colof&#xF3;n --</subfield>
    <subfield code="t">Bibliograf&#xED;a.</subfield>
  </datafield>
  <datafield tag="586" ind1=" " ind2=" ">
    <subfield code="a">Premio Nacional de Historia Jos&#xE9; Gabriel Garc&#xED;a 2007.</subfield>
  </datafield>
  <datafield tag="590" ind1=" " ind2=" ">
    <subfield code="6">Inventariado, 2022/VM;</subfield>
  </datafield>
  <datafield tag="650" ind1=" " ind2="4">
    <subfield code="a">Franceses en Rep&#xFA;blica Dominicana</subfield>
  </datafield>
  <datafield tag="651" ind1=" " ind2="4">
    <subfield code="a">Rep&#xFA;blica Dominicana</subfield>
    <subfield code="x">Historia</subfield>
    <subfield code="y">1844</subfield>
  </datafield>
  <datafield tag="651" ind1=" " ind2="4">
    <subfield code="a">Historia</subfield>
    <subfield code="x">Refugiados</subfield>
    <subfield code="y">Revoluci&#xF3;n, 1789-1799 </subfield>
  </datafield>
  <datafield tag="700" ind1="1" ind2=" ">
    <subfield code="a">D&#xED;az Bid&#xF3;, Guillermo.</subfield>
  </datafield>
  <datafield tag="700" ind1="1" ind2="2">
    <subfield code="a">Santamar&#xED;a, Juan Francisco,</subfield>
    <subfield code="e">pr&#xF3;l.</subfield>
  </datafield>
  <datafield tag="830" ind1=" " ind2="0">
    <subfield code="a">Premios nacionales</subfield>
  </datafield>
  <datafield tag="910" ind1=" " ind2=" ">
    <subfield code="a">VMateo V.</subfield>
  </datafield>
  <datafield tag="942" ind1=" " ind2=" ">
    <subfield code="2">ddc</subfield>
    <subfield code="c">BK</subfield>
  </datafield>
  <datafield tag="952" ind1=" " ind2=" ">
    <subfield code="0">0</subfield>
    <subfield code="1">0</subfield>
    <subfield code="2">ddc</subfield>
    <subfield code="4">0</subfield>
    <subfield code="7">0</subfield>
    <subfield code="8">CD</subfield>
    <subfield code="a">BPMET</subfield>
    <subfield code="b">BPMET</subfield>
    <subfield code="d">2017-11-10</subfield>
    <subfield code="e"> </subfield>
    <subfield code="l">0</subfield>
    <subfield code="o">BPMSU CD 972.9304 C965p 2008</subfield>
    <subfield code="p">BPMSU17110149</subfield>
    <subfield code="r">2017-11-10</subfield>
    <subfield code="w">2017-11-10</subfield>
    <subfield code="y">BK</subfield>
  </datafield>
  <datafield tag="999" ind1=" " ind2=" ">
    <subfield code="c">12845</subfield>
    <subfield code="d">12845</subfield>
  </datafield>
</record>
